00758cam a2200181 450008200200000010000290002024500660004926001570011530000330027252600370030565000220034265000330036465000290039765000220042694200120044899900190046095200970047900a624.171bMUScD1 aMustin, Gordon S.94275710aTheory and practice of cushion designc[by] Gordon S. Mustin. a[Washington]bShock and Vibration Information Center, U.S. Dept. of Defense; [for sale by the Supt. of Docs., U.S. Govt. Print. Off., Washington]c1968. aviii, 332 p.billus.c24 cm. a0b0c0d624_171000000000000_MUS 0aNUST / MCE926909 0aPacking for shipment.942758 0aShock (Mechanics)942759 0aVibration.939230 2ddccBK c546603d546603 00102ddc4070aMCEbMCEd2014-06-17l0o624.171 MUSpMCE-3561ar2014-06-17w2014-06-17yBK